Normal view
MARC view
- Graphic History
Entry Topical Term
001 - CONTROL NUMBER
- control field: 128987
003 - CONTROL NUMBER IDENTIFIER
- control field: NUST
005 - DATE AND TIME OF LATEST TRANSACTION
- control field: 20250515181021.0
008 - FIXED-LENGTH DATA ELEMENTS
- fixed length control field: 250515|| aca||aabn | a|a d
040 ## - CATALOGING SOURCE
- Original cataloging agency: NUST
- Transcribing agency: NUST
150 ## - HEADING--TOPICAL TERM
- Topical term or geographic name entry element: Graphic History
670 ## - SOURCE DATA FOUND
- Source citation: Work cat.: (NUST): Harari, Yuval Noah 89097, The Phenomenal bestseller sapiens a graphic history :, 2020.
